000 01392nam a2200325 a 4500
001 46233
003 BD-RjUL
005 20211209054126.0
008 1608 s1938 nyua b 001 0 eng
035 _a(BD-RjUL)46351
040 _aDLC
_cOYU
_dOCoLC
_dDLC
_dBD-RjUL
_beng
041 _aeng
082 _a331.0973
_bMIL 1938
_223
100 1 _aMillis, Harry A.
_q(Harry Alvin),
_d1873-1948.
_98805
245 1 0 _aLabor's risks and social insurance /
_cHarry A. Millis... and Royal E. Montgomery
250 _a1st ed.
260 _aNew York and London :
_bMcGraw-Hill Book Company, inc.,
_cc1938.
300 _aix, 453 p. :
_bill. ;
_c23 cm.
490 0 _aBusiness and economics publications
500 _aThe second of three volumes published as a series, "The economics of labor." While the two authors assume joint responsibility for the series, the chapters constituting the present volume were drafted by Mr. Millis. cf. Pref.
500 _aincludes Bibliographical foot-notes and index
650 0 _aUnemployed
_zUnited States.
_98806
650 0 _aUnemployment insurance
_zUnited States.
_98807
650 0 _aEmployers' liability insurance
_zUnited States.
_98808
650 0 _aHealth insurance
_zUnited States.
_98809
650 0 _aOld age pensions
_zUnited States.
_98810
700 1 _aMontgomery, Royal E.
_q(Royal Ewert),
_d1896-
_98811
942 _2ddc
_cBK
999 _c46233
_d46233